Statistiques concernant Quizz Rochefourchat

Cliquez ici pour prendre le quiz!

Statistiques générales

  • Ce quiz a été pris 6 fois
  • Le résultat moyen est 4 sur 8

Statistiques - réponses

QuestionsRéponses% Correct
Quel est le nombre d'habitants à Rochefourchat ?1
100%
Quel est le nombre d'électeurs à Rochefourchat (aux dernières éléctions) ?8
75%
Quel est la région de Rochefourchat ?Auvergne-Rhône-Alpes
75%
Quel est le département de Rochefourchat ?Drôme
50%
Quel est le climat de Rochefourchat ?méditerranéen
50%
Quel est le point culminant de la commune (l'altitude en m) ?1439
25%
Comment s'appelle le maire de Rochefourchat ?Jean-Baptiste DE MARTIGNY
25%
Quel est le village le plus proche de Rochefourchat ?Saint-Nazaire-le-Désert
25%

Distribution des résultats

Percentile par nombre de réponses

% des personnes avec chaque résultat

Votre développement - résultats

Vous n’avez pas pris ce quiz